Представление документа в формате RUSMARC

ПолеНазваниеЗначение
  Тип записи a
  Библиографический уровень m
001 Контрольный номер RU/SLIB/B/208755731
005 Дата корректировки 20241202125838.8
010 Индекс ISBN __
d Цена 17-30
101 Язык документа 0_
a Язык текста rus
200 Заглавие и сведения об ответственности 0_
a Заглавие Искусство и жизнь
e Сведения, относящиеся к заглавию произведения чл. Акад. Художеств СССР в ознаменовании 25-летия преобразования Всерос. Акад. Художеств в Акад. Художеств СССР
b Общее обозначение материала Текст
210 Выходные данные 1_
a Место издания М.
c Издательство Изобраз. искусство
d Дата издания 1978
215 Физическое описание __
a Объем 363 с.
c Иллюстрации/тип воспроизводства ил.
606 Тематические рубрики __
a Основная рубрика Изобразительное искусство и архитектура
606 Тематические рубрики __
a Основная рубрика История изобразительного искусства
610 Ключевые слова 0_
a Ключевые слова история искусства; произведения искусства; персоналии; шедевры; русское искусство
686 Индексы других классификаций __
a Классификационный индекс 85.103(2)6я61
801 Источник записи _0
a Страна RU
b Организация Муниципальное бюджетное учреждение культуры "Централизованная библиотечная система" г. Сургут (Центральная городская библиотека им. А. С. Пушкина)
g Правила каталогизации КиК/Михайлова
801 Источник записи _1
a Страна RU
b Организация Муниципальное бюджетное учреждение культуры "Централизованная библиотечная система" г. Сургут (Центральная городская библиотека им. А. С. Пушкина)
g Правила каталогизации КиК/Михайлова
852 Данные о местонахождении __
j Шифр хранения 85.103(2)6я61
c Каталожный индекс 85.103(2)6я6
i Авторский знак И 86
p Инвентарный номер 4400
901 Тип документа __
t Тип документа m
990 Данные о заказе (DOS) __
j Количество экземпляров (DOS) 1
t N записи в КСУ для И/У (DOS) 199101